| 000 | 00546nam a22001937a 4500 | ||
|---|---|---|---|
| 003 | SISC | ||
| 005 | 20160226082254.0 | ||
| 008 | 130830t xxu||||| |||| 00| 0 eng d | ||
| 020 | _a0439317533 | ||
| 050 |
_aQA 135.5 _b.M269 2002 |
||
| 082 |
_aHS 510 _bM11 2002 |
||
| 100 |
_aMancuso, Karen _915839 |
||
| 245 |
_aMath starters : _bfor everyday of the school year / _cKaren Mancuso |
||
| 260 |
_aNew York : _bScholastic Inc., _cc2002. |
||
| 300 |
_a80 p. : _bill. ; _c28 cm. |
||
| 650 |
_aMathematics _9210 |
||
| 942 |
_2lcc _cBK |
||
| 999 |
_c10040 _d10040 |
||